Construcción e instalación proyectos demostrativos para los estanques piscícolas seleccionados en el marco del acuerdo 07-043 suscrito con U.S. Fish and Wildlife Service, para la prevención de ataques de águilas pescadoras, así como, apoyar las actividades de divulgación (Registro nro. 7206)

Detalles MARC
000 -CABECERA
Campo de control 00743nam a2200181 a 4500
005 - FECHA Y HORA DE LA ULTIMA TRANSACCION
Campo de control 20150113141937.0
008 - ELEMENTOS DE LONGITUD FIJA—INFORMACION GENERAL
Campo de control 150113b xxu||||| |||| 00| 0 spa d
040 ## - FUENTE DE CATALOGACIÓN
Agencia catalogadora original CO-BoIAVH
Agencia transcriptora CO-BoIAVH
041 ## - IDIOMA
Código de idioma para texto/pista de sonido o título separado Español
090 ## - CLASIFICACIÓN LOCAL
Colección IAVH
Consecutivo 01393
100 ## - ASIENTO PRINCIPAL--NOMBRE PERSONAL
Nombre personal Sastre Corredor, Carolina
245 ## - MENCION DE TITULO
Título Construcción e instalación proyectos demostrativos para los estanques piscícolas seleccionados en el marco del acuerdo 07-043 suscrito con U.S. Fish and Wildlife Service, para la prevención de ataques de águilas pescadoras, así como, apoyar las actividades de divulgación
Parte restante del título informe final
260 ## - PUBLICACION, DISTRIBUCION, ETC. (PIE DE IMPRENTA)
Lugar de publicación, distribución, etc. Bogotá
Nombre del editor, distribuidor, etc. IAVH
Fecha de publicación, distribución, etc. 2009
300 ## - DESCRIPCION FISICA
Extensión 34 p.
650 ## - ASIENTO SECUNDARIO DE MATERIA - TERMINO TEMATICO
Término temático o nombre geográfico como elemento de entrada Estanques piscícolas
650 ## - ASIENTO SECUNDARIO DE MATERIA - TERMINO TEMATICO
Término temático o nombre geográfico como elemento de entrada Protección
942 ## - ELEMENTOS ADICIONALES (KOHA)
Tipo de ítem Informe Técnico
Sistema de clasificación Local
Existencias
Withdrawn status Lost status Sistema de Clasificación Damaged status No para préstamo Colección Inventariado Ubicación Permanente Ubicación actual Fecha de adquisición Total Checkouts Número topográfico Inventario / Código de Barras Date last seen Ejemplar Price effective from Forma de adquisición Tipo de material
    Local     Humboldt Inventariado 2017 Bogotá Bogotá 25/11/2009   IAVH-01393 027784 09/08/2024 Ej.1 04/12/2012   Informe Técnico